| 000 | 01507nam a22002657i 4500 | ||
|---|---|---|---|
| 999 |
_c23063 _d23063 |
||
| 003 | AR-CdUCM | ||
| 008 | 240918b20212021 pea|||| |||| 00| 0 spa d | ||
| 020 | _a978-612-00-6505-1 | ||
| 040 |
_aMUNICIPALIDAD PROVINCIAL DEL CUSCO _cBIBLIOTECA MUNICIPAL DEL CUSCO |
||
| 041 | _hspa | ||
| 082 |
_2Primera edición _a658.15 / V32 _bV32 |
||
| 100 |
_aVargas Elguera, Atilio _950525 |
||
| 245 | _aLas Finanzas a Corto Plazo en las Empresas Privadas / | ||
| 260 |
_aCusco : _bAtilio Vargas Elguera. _c2021 |
||
| 300 |
_a197 páginas. : _b24 cm. |
||
| 505 | _aLa empresa -- Concepto -- Decisión de apertura de una empresa -- Tipos de aporte de los socios -- Tipos de aporte de socios -- Clasificación de las empresas -- Proceso de constitución de una empresa -- Estructura financiera -- La estructura financiera -- Comentarios respecto a la estructuración financiera -- Aspectos importantes para el análisis financiera -- Análisis de estructura financiera -- Análisis vertical y análisis horizontal del estado de situación financiera -- Comportamiento de las variables monto y monto y tiempo -- Otros aspectos que deben tomarse en cuenta para analizar una estructura financiera | ||
| 650 |
_aFinanzas empresariales _950526 |
||
| 650 |
_aEstructura financiera _950527 |
||
| 650 |
_aConceptos de finanzas _950528 |
||
| 650 |
_aAdministración empresarial _98178 |
||
| 650 |
_aFunciones contables _950529 |
||
| 650 |
_aHistoria de los bancos _950530 |
||
| 942 |
_2ddc _cLIBROS |
||
| 945 |
_apbj _d18/09/2024 |
||